[Event "29th Czech Open-Rapid 2018"]
[Site "Pardubice"]
[Date "2018.07.18"]
[Round "2"]
[White "Potapov, Pavel"]
[Black "Nun, Jiri"]
[Result "1-0"]
[WhiteElo "2500"]
[BlackElo "2306"]
[Annotator "ChessBase"]
[PlyCount "87"]
[EventDate "2018.07.18"]
[EventType "swiss"]
[EventCountry "CZE"]
[SourceTitle "playchess.com"]
[Source "ChessBase"]
[SourceQuality "1"]
[TimeControl "900+10"]

1. e4 {[%emt 0:00:00]} c5 {[%emt 0:00:00]} 2. c3 {[%emt 0:00:00]} Nf6 {[%emt 0:00:22]} 3. e5 {[%emt 0:00:00]} Nd5 {[%emt 0:00:01]} 4. Bc4 {[%emt 0:00:00]} Nc7 {[%emt 0:00:13]} 5. Nf3 {[%emt 0:00:02]} e6 {[%emt 0:00:07]} 6. d4 {[%emt 0:00:05]} cxd4 {[%emt 0:00:05]} 7. cxd4 {[%emt 0:00:02]} d5 {[%emt 0:00:19]} 8. Bd3 {[%emt 0:00:05]} Be7 {[%emt 0:00:19]} 9. Nc3 {[%emt 0:00:03]} b6 {[%emt 0:00:12]} 10. h4 {[%emt 0:00:44]} Ba6 {[%emt 0:00:28]} 11. h5 {[%emt 0:00:32]} Bxd3 {[%emt 0:00:10]} 12. Qxd3 {[%emt 0:00:02]} h6 {[%emt 0:00:04]} 13. Rh3 {[%emt 0:00:14]} Nc6 {[%emt 0:00:26]} 14. Rg3 {[%emt 0:00:04]} Bf8 {[%emt 0:00:04]} 15. Bf4 {[%emt 0:00:26]} Qd7 {[%emt 0:00:23]} 16. O-O-O {[%emt 0:00:03]} Na5 {[%emt 0:00:47]} 17. b3 {[%emt 0:00:46]} Nc6 {[%emt 0:00:58]} 18. Kb1 {[%emt 0:00:05]} O-O-O {[%emt 0:00:42]} 19. Rc1 {[%emt 0:00:04]} Kb7 {[%emt 0:00:01]} 20. Ne1 {[%emt 0:00:49]} Rc8 {[%emt 0:00:18]} 21. Nc2 {[%emt 0:00:35]} Ne7 {[%emt 0:00:45]} 22. a3 {[%emt 0:00:33]} g5 {[%emt 0:00:34]} 23. hxg6 {[%emt 0:00:08]} Nxg6 {[%emt 0:00:05]} 24. Bd2 {[%emt 0:00:08]} Be7 {[%emt 0:00:09]} 25. Rf3 {[%emt 0:00:16]} Bg5 {[%emt 0:01:41]} 26. Kb2 {[%emt 0:00:10]} Bxd2 {[%emt 0:00:09]} 27. Qxd2 {[%emt 0:00:02]} Nh4 {[%emt 0:00:17]} 28. Rh3 {[%emt 0:00:19]} Qe7 {[%emt 0:00:29]} 29. Rch1 {[%emt 0:00:23]} Ng6 {[%emt 0:01:50]} 30. Rxh6 {[%emt 0:00:04]} Rxh6 {[%emt 0:00:01]} 31. Rxh6 {[%emt 0:00:01]} a5 {[%emt 0:00:10]} 32. g3 {[%emt 0:00:12]} Qf8 {[%emt 0:00:21]} 33. Rh7 {[%emt 0:00:06]} Qg8 {[%emt 0:00:39]} 34. Qh6 {[%emt 0:00:22]} Ne8 {[%emt 0:00:47]} 35. a4 {[%emt 0:00:23]} Rc7 {[%emt 0:00:32]} 36. Na3 {[%emt 0:00:28]} Re7 {[%emt 0:00:20]} 37. Nab5 {[%emt 0:00:08]} Ka6 {[%emt 0:00:35]} 38. Nd6 {[%emt 0:00:42]} Nxd6 {[%emt 0:00:07]} 39. exd6 {[%emt 0:00:01]} Rd7 {[%emt 0:00:01]} 40. Nb5 {[%emt 0:00:08]} Qd8 {[%emt 0:00:11]} 41. Qc1 {[%emt 0:00:43]} Kb7 {[%emt 0:00:31]} 42. f4 {[%emt 0:00:09]} Qf6 {[%emt 0:00:25]} 43. Qc3 {[%emt 0:00:16]} Qf5 {[%emt 0:00:11]} 44. Rh1 {[%emt 0:00:05]} 1-0

[Event "29th Czech Open-Rapid 2018"]
[Site "Pardubice"]
[Date "2018.07.18"]
[Round "2"]
[White "Zaitsev, Alexander"]
[Black "Plat, Vojtech"]
[Result "0-1"]
[WhiteElo "2499"]
[BlackElo "2543"]
[Annotator "TA"]
[PlyCount "120"]
[EventDate "2018.07.18"]
[EventType "swiss"]
[EventCountry "CZE"]
[SourceTitle "playchess.com"]
[Source "ChessBase"]
[SourceQuality "1"]

{[%evp 25,120,14,23,41,41,46,25,25,20,6,26,-10,37,-78,-82,-75,-28,-25,-19,-9,-6,-27,-26,-25,-22,-125,-115,-166,0,0,0,0,0,0,0,0,8,8,8,8,21,0,2,5,8,0,0,0,0,0,0,0,0,-14,0,0,16,0,0,0,0,0,0,0,0,0,0,-296,-289,-325,-310,-277,-254,-207,-141,-152,-71,-351,-340,-648,-313,-301,-283,-327,-248,-613,-608,-607,-588,-5912,-5781,-5916,-5589,-5661,-5682,-2708,-2031]} 1. e4 d6 2. d4 Nf6 3. Nc3 e5 4. Nf3 Nbd7 5. Bc4 Be7 6. O-O O-O 7. Re1 c6 8. a4 a5 9. h3 Nb6 {C41: Philidor-Verteidigung} (9... Re8 10. Ba2 Bf8 11. Be3 Qc7 12. Ng5 Re7 13. f4 b6 14. fxe5 dxe5 15. d5 cxd5 16. exd5 {1-0 (16) Wang,H (2709)-Ivanchuk,V (2726) Huaian 2017}) 10. Ba2 Nfd7 11. Be3 exd4 12. Qxd4 Nc5 13. Rad1 Be6 {LiveBook: 36 Partien} 14. Bxe6 fxe6 15. e5 d5 16. Qg4 Nbd7 {[%cal Bb6d7,Bd7f8,Bf8g6][%mdl 32]} 17. Bh6 {[%csl Gh6][%cal Rg4g7]} Rf7 $146 18. Nd4 Nf8 19. Nce2 (19. Be3 $14 {bleibt weiter vorne.}) 19... Ng6 $17 20. Bf4 Qd7 21. b3 Raf8 22. Bg3 $1 Bd8 23. c4 Bb6 24. cxd5 cxd5 25. h4 (25. Kh1 $11 {bleibt in der Remisbreite.}) 25... Ne4 {[%cal Re4f2]} 26. h5 (26. Rf1 $17) 26... Nxg3 $2 (26... Ne7 $19 {[%cal Rf7f2] Und ...Txf2 würde nun gewinnen.} 27. Kh2 Nxg3 28. fxg3 Nf5) 27. hxg6 $11 Nxe2+ 28. Rxe2 hxg6 29. Qxe6 Qxe6 30. Nxe6 Rxf2 31. Rxf2 Rxf2 $19 {[%mdl 4096] Endspiel KTL-KTS} 32. Kh2 Kf7 33. Ng5+ (33. Rxd5 {is interesting.} Kxe6 34. Rd6+ Kxe5 35. Rxb6 Rf7 36. Rb5+) 33... Ke7 $132 {[%mdl 2048] Droht ...Le3 und aus. Schwarz is not keeping still} 34. Rxd5 Bc7 35. Nf3 Rb2 36. Rb5 b6 37. Kh3 Re2 38. g3 Re4 39. Kg2 Re3 40. Kf2 Rd3 41. Nh4 Kf7 42. Ng2 g5 43. Ne3 Ke6 44. Nc4 g4 45. Ne3 Bxe5 46. Nxg4 $2 {[%mdl 8192]} (46. Ke2 $11 Rc3 47. Rxb6+ Kd7 48. Nxg4 Bxg3 49. Ne3) 46... Bd4+ ({Schlechter ist} 46... Bxg3+ 47. Ke2 $11) 47. Kg2 Bc5 48. Nh2 Kd5 49. Nf3 Rc3 50. Ng5 {[#]} Ke5 ({Lieber} 50... Re3 $1 51. Kh3 Kd4) 51. Nf3+ $2 {[%mdl 8192] [#]} (51. Nf7+ $17 {war erzwungen.} Kf5 52. Kh3) 51... Kf5 $1 52. Nh2 $2 (52. Nd4+ Kg4 53. Ne6) 52... g5 (52... Rc2+ $142 53. Kh3 Ke4) 53. Kh3 Ke4 54. Kg4 {Jetzt Kh3 und Weiss darf weiter klammern.} Rd3 55. b4 $2 (55. Kh3) 55... axb4 {Schwarz steht klar auf Gewinn.} 56. a5 Bd6 57. a6 Rxg3+ 58. Kh5 Rh3+ 59. Kg6 Rxh2 60. Rxb6 Kd5 {Precision: Weiß = 40%, Schwarz = 57%.} 0-1

[Event "29th Czech Open-Rapid 2018"]
[Site "Pardubice"]
[Date "2018.07.18"]
[Round "2"]
[White "Belyakov, Bogdan"]
[Black "Kathmale, Sameer"]
[Result "0-1"]
[WhiteElo "2489"]
[BlackElo "2323"]
[Annotator "TA"]
[PlyCount "62"]
[EventDate "2018.07.18"]
[EventType "swiss"]
[EventCountry "CZE"]
[SourceTitle "playchess.com"]
[Source "ChessBase"]
[SourceQuality "1"]

{[%evp 23,62,-35,-36,-60,-35,-44,-40,-96,-101,-119,-99,-163,-161,-181,-194,-183,-214,-175,-177,-175,-163,-198,-193,-191,-191,-222,-237,-229,-218,-353,-314,-800,-797,-29990,-29991,-29991,-29992,-29989,-1533,-29990,-29991]} 1. e4 c6 2. d4 d5 3. Nc3 dxe4 4. Nxe4 Bf5 5. Ng3 Bg6 6. Bc4 e6 7. N1e2 Nf6 8. O-O Bd6 9. f4 Bf5 10. Nxf5 exf5 11. Ng3 g6 {B18: Classical Caro-Kann: 4...Bf5 sidelines} 12. Re1+ Kf8 $1 {LiveBook: 23 Games} 13. b3 (13. c3 Qc7 14. Qf3 Nbd7 15. Re5 h5 16. h3 h4 17. Nh1 Ne4 18. Nf2 Ndf6 19. Bd3 {0-1 (49) Mustaps,M (2309)-Vitiugov,N (2721) Jurmala 2016}) 13... b5 $146 {Black is slightly better.} ({Predecessor:} 13... Nbd7 14. Qf3 Qc7 15. Rf1 Kg7 16. Bd3 Rhe8 17. c4 Qa5 18. Bb2 Ba3 19. Bxa3 Qxa3 {0-1 (35) Tesla,V (2293)-Bulanov,D (2370) Odessa 2010}) 14. Bf1 Bb4 15. Bb2 (15. Re3 $15) 15... Bxe1 $17 16. Qxe1 Nbd7 17. h3 (17. d5 $17) 17... Kg7 $19 18. Nxf5+ gxf5 19. Qg3+ Kf8 {Strongly threatening ...Ne4.} 20. Ba3+ {[#]} c5 $1 21. dxc5 (21. Bxc5+ Nxc5) 21... Qa5 22. b4 {[#]} Qa6 $1 ({Not} 22... Qa4 23. Qd3 $17) 23. Bb2 Rg8 24. Qd3 Qe6 25. Rd1 Rg6 ({Stronger than} 25... Qxa2 26. Qd6+ Kg7 27. Qd4 $16) 26. Kh1 (26. Kh2 {was necessary.}) 26... Ne4 ({Much less strong is} 26... Qxa2 27. Qd4 $19) 27. Qxd7 $2 (27. Kg1 Ndf6 28. Qb3) 27... Ng3+ 28. Kg1 Qe3+ 29. Kh2 Nxf1+ 30. Kh1 Ng3+ 31. Kh2 Ne4 {Precision: White = 31%, Black = 90%.} 0-1

[Event "29th Czech Open-Rapid 2018"]
[Site "Pardubice"]
[Date "2018.07.18"]
[Round "2"]
[White "Harsha Bharathakoti"]
[Black "Matviishen, Viktor"]
[Result "1-0"]
[WhiteElo "2465"]
[BlackElo "2423"]
[Annotator "TA"]
[PlyCount "133"]
[EventDate "2018.07.18"]
[EventType "swiss"]
[EventCountry "CZE"]
[SourceTitle "playchess.com"]
[Source "ChessBase"]
[SourceQuality "1"]

{[%evp 13,133,0,0,-23,-18,-34,-38,-46,-38,-38,-9,-9,0,0,0,7,0,0,0,0,0,0,0,4,0,-16,0,-1,0,-16,25,0,0,0,31,0,32,33,81,74,93,6,59,46,114,93,85,79,81,39,44,27,34,0,0,0,0,0,0,0,0,0,0,0,0,0,0,-18,0,0,0,-14,533,527,521,497,777,776,902,883,837,620,780,771,741,511,513,496,504,503,550,495,606,597,645,640,637,631,637,626,639,637,854,814,1013,1175,1319,1075,1023,988,29970,29970,29974,29975,29977,29978,29976,29977,29971,5827,29973,29974]} 1. c4 Nf6 2. Nf3 b6 3. g3 Bb7 4. Bg2 g6 5. O-O Bg7 6. Nc3 O-O 7. Qc2 c5 8. b3 {A30: Englische Eröffnung (Symmetrische Variante)} d5 9. cxd5 Nxd5 10. Bb2 {Schwarz steht etwas besser.} Nb4 11. Qb1 Nd7 $146 ({Vorgänger:} 11... N8c6 12. a3 Nd5 13. Nxd5 Qxd5 14. Bxg7 Kxg7 15. Qb2+ Kg8 16. Ne5 Qxe5 17. Qxe5 Nxe5 18. Bxb7 {½-½ (71) Svebis,M (2215)-Hajdu,C Hungary 1997}) 12. Rd1 Nc6 13. Ne4 Bxb2 14. Qxb2 e5 15. Nd6 {Schwarz muss nun d4 beachten.} Ba6 16. d3 Qe7 17. Nc4 Rac8 18. a3 Rfd8 19. Rab1 Nd4 20. Rbc1 Bb5 21. b4 cxb4 22. Nxd4 exd4 23. axb4 Nf6 24. Bf3 Bd7 25. Nd2 Bg4 26. Bxg4 Nxg4 {[#]} 27. Nf3 (27. Rxc8 $1 $16 Rxc8 28. Nf3) 27... Rxc1 ({Besser ist} 27... Ne5 $11) 28. Rxc1 $14 Qd6 (28... Ne5 $14) 29. Qa2 Rd7 30. b5 Ne5 31. Ng5 Kg7 32. Ne4 Qb4 33. f4 Ng4 34. Qc4 Qb2 35. Rc2 Qb1+ 36. Rc1 Qb2 37. Rc2 Qa1+ 38. Rc1 Qa3 39. Qc6 $36 {[%mdl 2048] zielt auf h3 ab. Weiss drückt.} Re7 40. Rb1 Qa2 41. Re1 Re6 42. Qd7 Qb2 $2 {[%mdl 8192]} (42... Rxe4 $1 $11 {und Schwarz muss sich keine Sorgen machen.} 43. Qxg4 (43. dxe4 Qd2 $17) 43... Qd2) 43. Ng5 $18 Rf6 44. Qxg4 Qd2 (44... Qxb5 $142 45. Qh4 h6) 45. Kf1 Rf5 46. Qh4 h6 47. Nf3 Qe3 48. Qd8 Rxb5 49. Qxd4+ Qxd4 50. Nxd4 {[%mdl 4096] Endspiel KTS-KT} Ra5 51. Rc1 Ra4 52. Rc4 Ra2 53. Rc7 Kf6 54. Rb7 g5 55. fxg5+ hxg5 56. Nb5 a6 57. Rxb6+ Ke5 58. Nd6 f5 59. Nf7+ Kd4 60. Nxg5 a5 61. h4 Ke3 62. Re6+ Kd2 63. h5 Ra1+ 64. Kg2 Rb1 65. h6 Rb8 66. h7 (66. Nf7 $142 Ra8 67. h7 a4 {[#]} 68. Ra6 $1 {[%mdl 512]} Rxa6 69. h8=Q Rc6 70. Qa1 Rb6 71. Ne5) 66... a4 67. Nf7 {Precision: Weiß = 60%, Schwarz = 40%.} 1-0

[Event "29th Czech Open-Rapid 2018"]
[Site "Pardubice"]
[Date "2018.07.18"]
[Round "2"]
[White "Neuman, Petr"]
[Black "Semjonovs, Ilja"]
[Result "1-0"]
[WhiteElo "2440"]
[BlackElo "2219"]
[Annotator "TA"]
[PlyCount "53"]
[EventDate "2018.07.18"]
[EventType "swiss"]
[EventCountry "CZE"]
[SourceTitle "playchess.com"]
[Source "ChessBase"]
[SourceQuality "1"]

{[%evp 12,53,-19,-21,79,72,79,84,93,74,146,97,154,160,166,106,148,133,202,183,211,195,176,150,169,110,114,103,147,155,214,232,191,219,300,283,429,443,459,139,338,203,269,198]} 1. e4 c5 2. Nc3 Nc6 3. Bb5 Nd4 4. Bc4 e6 5. Nf3 a6 6. d3 {B30: Sizilianisch (Rossolimo-Variante)} (6. Nxd4 cxd4 7. Ne2 Nf6 8. d3 Bc5 9. Bg5 Qa5+ 10. Bd2 Qc7 11. Bb3 d5 12. exd5 Nxd5 13. Bxd5 exd5 {½-½ (30) Andriasian,Z (2631)-Kuzubov,Y (2628) Martuni 2013}) 6... b5 7. Bb3 $1 {LiveBook: 32 Partien} d6 {[#]} (7... Nxb3 $11 8. axb3 Bb7) 8. Nxd4 $1 $16 {Weiß steht besser.} cxd4 9. Ne2 Qb6 10. O-O Ne7 $146 (10... Nf6 $142) ({Vorgänger:} 10... Nf6 11. Kh1 Be7 12. Bg5 h6 13. Bxf6 Bxf6 {½-½ (53) Gombac,J (2293)-Cebalo,M (2509) Nova Gorica 2009}) 11. Bd2 Nc6 (11... Bb7 $142) 12. f4 {[%cal Bf2f4,Bf4f5][%mdl 32]} Be7 13. Ng3 ({Lieber} 13. f5 $18) 13... Bd7 {[#]} 14. f5 $1 O-O-O (14... g6 $16 {ist eine bessere Verteidigung.} 15. a4 b4) 15. a4 $18 b4 16. Nh5 exf5 17. exf5 Ne5 18. Nf4 ({Besser ist} 18. Qe1 $18) 18... Bc6 $16 19. Bd5 a5 20. Bxc6 Qxc6 {[#]} (20... Nxc6 $16 21. Nd5 Qb7) 21. c3 $1 $18 {[%mdl 512]} dxc3 (21... bxc3 22. bxc3) 22. bxc3 bxc3 {[#]} 23. Bxc3 $1 {[%mdl 512] Schwarz muss nun Tc1 beachten.} Kd7 ({Falsch wäre} 23... Qxc3 $2 24. Rc1 $18) (23... Rd7 {war einen Versuch wert.} 24. d4 (24. Bxa5 Qc5+ 25. d4 Qxa5 $14) 24... Kb7 25. Rb1+ (25. Bxa5 Ka8 $16) 25... Ka8) 24. Rc1 Rc8 25. Kh1 $2 (25. d4 $18 {und Weiss behält klar die Oberhand.}) 25... Bf6 $2 (25... Bg5 $16) 26. Qb3 {Und weiter mit Sd5 wäre nett.} ({Lieber nicht} 26. Bxa5 Qxc1 27. Qxc1 Rxc1 $11) 26... Rb8 27. Qa2 {Precision: Weiß = 72%, Schwarz = 21%.} 1-0

[Event "29th Czech Open-Rapid 2018"]
[Site "Pardubice"]
[Date "2018.07.18"]
[Round "2"]
[White "Gukesh D"]
[Black "Soural, Jan"]
[Result "1-0"]
[WhiteElo "2433"]
[BlackElo "2192"]
[Annotator "TA"]
[PlyCount "71"]
[EventDate "2018.07.18"]
[EventType "swiss"]
[EventCountry "CZE"]
[SourceTitle "playchess.com"]
[Source "ChessBase"]
[SourceQuality "1"]

{[%evp 26,71,77,69,88,79,130,110,125,135,124,98,114,102,205,211,283,274,464,466,445,441,469,417,441,429,443,418,416,364,442,371,350,306,331,257,324,316,284,248,408,410,983,967,964,904,29996,29997]} 1. Nf3 c5 2. e4 Nc6 3. d4 cxd4 4. Nxd4 g6 5. Nc3 Bg7 6. Nde2 Nf6 7. g3 O-O 8. Bg2 d6 9. O-O Bd7 10. h3 a6 11. a4 Rb8 12. Nd5 Nxd5 {B70: Sicilian Dragon: 6 g3 and 6 Be2 (without a later Be3)} (12... b5 13. axb5 axb5 14. Bg5 Nxd5 15. exd5 Ne5 16. Nd4 h6 17. Bc1 Qc8 18. Kh2 Qc5 19. Nb3 Qc7 20. Be3 Nc4 21. Ra7 Nxe3 22. Rxc7 Nxd1 23. Rxd1 {½-½ (70) Mchedlishvili,M (2601)-Artemiev,V (2653) Doha 2016}) 13. exd5 Ne5 14. Ra2 {LiveBook: 3 Games} Qc8 {[#]White is slightly better.} 15. Kh2 $1 Rd8 (15... Nc4 $142) 16. b3 $16 Be8 17. Re1 Qc7 18. Be3 Rdc8 19. Bd4 f6 (19... b5 $16) 20. a5 $18 Nd7 $146 21. Nf4 Ne5 $2 (21... Nf8 22. h4 Bf7) 22. Ne6 Qd7 23. f4 Nf7 24. Nxg7 Kxg7 25. c4 Nh6 26. Rae2 Ng8 27. g4 Bf7 28. Qa1 Re8 29. Kg3 h6 30. Re6 Kh7 31. Be4 Kg7 32. f5 g5 $2 (32... Rec8 33. fxg6 Bxe6 34. dxe6 Qd8) 33. h4 Qc8 (33... gxh4+ $142 34. Kxh4 Ra8) 34. hxg5 hxg5 35. Rh1 Nh6 {[#]} 36. Bxf6+ $1 {[%mdl 512] Precision: White = 69%, Black = 12%.} 1-0

[Event "29th Czech Open-Rapid 2018"]
[Site "Pardubice"]
[Date "2018.07.18"]
[Round "2"]
[White "Bryzgalin, Kirill"]
[Black "Meleshko, Vladimir"]
[Result "1-0"]
[WhiteElo "2424"]
[BlackElo "2268"]
[Annotator "TA"]
[PlyCount "55"]
[EventDate "2018.07.18"]
[EventType "swiss"]
[EventCountry "CZE"]
[SourceTitle "playchess.com"]
[Source "ChessBase"]
[SourceQuality "1"]

{[%evp 9,55,-16,11,-9,-15,-7,-10,-14,0,-35,-9,-14,-4,-32,-10,-39,-18,-54,-31,-30,-31,-64,-64,-102,-87,-87,-68,-104,0,0,0,0,41,39,32,43,43,42,40,43,49,45,242,244,271,268,242,15]} 1. d4 Nf6 2. Nf3 e6 3. Bf4 Be7 4. Nbd2 (4. c4 d5 5. Nc3 O-O 6. e3 Nbd7 7. Be2 dxc4 8. O-O a6 9. a4 b6 10. d5 Nc5 11. Bxc4 exd5 12. Nxd5 Nxd5 13. Bxd5 Bb7 14. Bxb7 Nxb7 15. Qxd8 Bxd8 {½-½ (34) Shimanov,A (2641)-Miroshnichenko,E (2606) chess.com INT 2018}) 4... Nh5 5. Bg3 d5 6. Be5 $146 {A46: Damenbauernspiele} ({Vorgänger:} 6. e3 c5 7. Bxb8 Rxb8 8. Bb5+ Kf8 9. Ne5 Nf6 10. a4 c4 11. a5 a6 {0-1 (25) Zakaryan,D (2420)-Sawlin,L (2343) Moscow 2018}) 6... Nd7 7. e3 O-O 8. Bd3 {Die Stellung ist ausgeglichen.} Nxe5 9. dxe5 {Droht stark g4.} f5 10. c4 c5 11. Qc2 g6 12. h3 Ng7 13. Rd1 Qc7 14. O-O b6 15. b3 Bb7 16. Qb2 Rad8 17. Rfe1 Rd7 18. Be2 {[%cal Bd3e2,Be2b5,Bb5c4][%mdl 32] [#]} f4 (18... d4 $1 $17 {[%mdl 512]} 19. exd4 cxd4 20. Nxd4 Qxe5) 19. cxd5 $1 $11 exd5 20. e4 $1 Ne6 21. exd5 Bxd5 22. Bb5 Bc6 23. Bc4 Bd5 24. Qc2 {Und weiter mit Se4 wäre nett.} Qc6 25. Ne4 {Droht Dd3 und aus.} Rfd8 $2 {[#]} (25... Bxc4 $14 26. Qxc4 b5) 26. Nd6 $1 $18 {[%mdl 512]} Nd4 (26... Bxd6 27. Bxd5) 27. Nxd4 cxd4 28. Qe4 $2 {[%mdl 32768] Precision: Weiß = 40%, Schwarz = 29%. . Loss on Time!?} (28. Rxd4 $18 Bxc4 29. Rxc4) 1-0

[Event "29th Czech Open-Rapid 2018"]
[Site "Pardubice"]
[Date "2018.07.18"]
[Round "2"]
[White "Domogaev, Sergey"]
[Black "Brejnik, Gustav"]
[Result "1-0"]
[WhiteElo "2414"]
[BlackElo "2134"]
[Annotator "TA"]
[PlyCount "129"]
[EventDate "2018.07.18"]
[EventType "swiss"]
[EventCountry "CZE"]
[SourceTitle "playchess.com"]
[Source "ChessBase"]
[SourceQuality "1"]

{[%evp 21,129,0,29,29,26,41,78,40,113,104,152,153,162,77,95,16,12,15,19,9,33,33,33,4,24,17,36,29,50,17,33,13,36,21,21,31,32,0,75,21,29,0,81,58,96,21,31,12,42,0,0,0,5,5,0,0,15,0,4,4,5,4,4,0,0,0,0,0,0,0,0,0,41,0,0,0,116,119,143,91,215,0,0,0,0,0,0,0,137,0,0,0,193,0,0,0,0,0,0,0,0,0,184,172,5193,2264,29988,29989,29989,908]} 1. d4 Nf6 2. c4 e6 3. Nc3 Bb4 4. e3 O-O 5. Bd3 c5 6. a3 Bxc3+ 7. bxc3 d5 8. Nf3 b6 9. O-O Ba6 10. cxd5 Bxd3 11. Qxd3 exd5 12. dxc5 {E53: Nimzo-Indian: Rubinstein: Main Line (4...0-0 5 Nf3 d5 6 Bd3 c5 7 0-0)} bxc5 13. c4 $1 {[#]} Qe7 $146 ({Predecessor:} 13... dxc4 14. Qxc4 Qd5 15. Qc2 Nbd7 16. Rd1 Qc6 17. Bb2 Rac8 18. Ng5 Rfe8 19. h3 Nf8 {1-0 (41) Jumabayev,R (2611)-Agdestein,S (2602) Doha 2016}) 14. Rd1 {White is better.} Rd8 (14... dxc4 $14 15. Qxc4 Nbd7) 15. Bb2 $16 ({But not} 15. cxd5 $6 Rxd5 16. Qc2 Rxd1+ 17. Qxd1 Nbd7 $11) 15... Ne4 16. cxd5 Nd7 17. Ne5 (17. Nd2 $18 Nxd2 18. Rxd2 (18. Qxd2 Rab8 $16)) 17... Nxf2 18. Kxf2 (18. Nc6 $16 Nxd3 19. Nxe7+ Kf8 20. Rxd3 Kxe7 21. Bxg7) 18... Nxe5 19. Qe4 Qf6+ 20. Kg1 Nf3+ (20... Re8 {is more complex.} 21. d6 Rad8 22. a4 Qe6 23. Bxe5 Qxe5 24. Qxe5 Rxe5 25. Rab1 Rxe3 26. Rb7 c4) 21. Qxf3 Qxb2 22. Rac1 Rac8 (22... Qxa3 {is interesting.} 23. e4 Qb2 24. Rb1 Qe5 25. Rb7 f5) 23. e4 Qe5 24. Rc4 f6 25. Qc3 Qe7 26. a4 {[%cal Ba3a4,Ba4a5][%mdl 32]} Rd7 27. a5 Qd6 28. Rc1 {[%cal Rc4c5]} Rdc7 29. Qg3 Qd8 (29... Qxg3 $11 30. hxg3 Kf7) 30. Qb3 (30. h3 $16) 30... Qd6 $11 31. Qg3 (31. Qc3 $11) 31... Qd8 $16 32. Rb1 (32. h3 {looks sharper.} h6 33. Kh2 Qe8 34. a6 Rd7 35. Rb1) 32... Rb8 33. Rxb8 (33. Rd1 $1 $16) 33... Qxb8 {[%mdl 4096] Endgame KQR-KQR} 34. h3 {Black should prevent Qd6.} (34. Qd3 {with more complications.} h6 35. Rc1 Qb2 36. Qc4 Qd2 37. d6+) 34... Qd8 35. Qb3 {Threatens to win with d6!} Qd6 36. Qc3 Kf7 37. Qe3 Kg8 38. Qf2 Kh8 39. Qb2 {White threatens Qb8+ and mate.} Kg8 40. Qb3 h6 41. Rc3 Kh7 42. Qc4 Qe5 43. a6 Qf4 44. Rf3 Qe5 $1 45. Rf5 Qd6 46. Rf1 Qg3 47. Rf3 Qe5 48. Rd3 Qd6 (48... Rd7 $11 {keeps the balance.}) 49. Rb3 Qe7 50. Rb1 (50. Rb7 $142 $1) 50... Kh8 (50... h5 $16) 51. Rd1 $2 ({White should try} 51. Rb7 $1 $18) 51... Qd6 $11 52. Rd3 Kh7 53. Rf3 Qe5 54. Rf1 Qd6 (54... Qg3 $11) 55. Rd1 ({White has to play} 55. Rb1 $1 $16) 55... Kh8 56. Rb1 $2 (56. Rd2 $11) 56... Qe7 $18 {[#]} 57. Rc1 $2 (57. Rb7 $1 $18) 57... Qe5 $11 58. Qd3 Qd6 59. Qb5 Kh7 60. Rc4 Qg3 61. Qb1 {next e5+ is good for White.} Kh8 $2 {[#]} (61... Kg8 $11 {and Black stays safe.}) 62. e5 $1 $18 {[%mdl 512] Hoping for Qb8+.} Qxe5 $2 (62... Rd7) (62... fxe5 63. Qb8+) 63. Re4 Qxd5 64. Re8+ Qg8 65. Rxg8+ {Precision: White = 43%, Black = 41%.} 1-0

[Event "29th Czech Open-Rapid 2018"]
[Site "Pardubice"]
[Date "2018.07.18"]
[Round "2"]
[White "Mirzoev, Emil"]
[Black "Lushnikov, Evgeny"]
[Result "1-0"]
[WhiteElo "2412"]
[BlackElo "2136"]
[Annotator "NA"]
[PlyCount "81"]
[EventDate "2018.07.18"]
[EventType "swiss"]
[EventCountry "CZE"]
[SourceTitle "playchess.com"]
[Source "ChessBase"]
[SourceQuality "1"]
[TimeControl "900+10"]

1. d4 {[%emt 0:00:00]} Nf6 {[%emt 0:00:00]} 2. c4 {[%emt 0:00:00]} e6 {[%emt 0:00:00]} 3. Nc3 {[%emt 0:00:00]} Bb4 {[%emt 0:00:00]} 4. a3 {[%emt 0:00:00]} Bxc3+ {[%emt 0:00:00]} 5. bxc3 {[%emt 0:00:00]} O-O {[%emt 0:00:27]} 6. f3 {[%emt 0:00:00]} d5 {[%emt 0:00:10]} 7. cxd5 {[%emt 0:00:00]} exd5 {[%emt 0:00:01]} 8. e3 {[%emt 0:00:00]} c5 {[%emt 0:01:14]} 9. Bd3 {[%emt 0:00:14]} b6 {[%emt 0:00:10]} 10. Ne2 {[%emt 0:00:01]} Ba6 11. O-O {[%emt 0:00:05]} Re8 {[%emt 0:00:25]} 12. Ng3 {[%emt 0:00:38]} Bxd3 {[%emt 0:01:02]} 13. Qxd3 {[%emt 0:02:01]} Nc6 {[%emt 0:00:02]} 14. Bb2 {[%emt 0:00:07]} Rc8 {[%emt 0:02:35]} 15. Rae1 {[%emt 0:00:18]} Na5 {[%emt 0:02:27]} 16. e4 {[%emt 0:00:29]} Nc4 {[%emt 0:00:20]} 17. Bc1 {[%emt 0:00:03]} cxd4 {[%emt 0:00:02]} 18. cxd4 {[%emt 0:00:06]} dxe4 {[%emt 0:00:17]} 19. fxe4 {[%emt 0:00:02]} Ne5 {[%emt 0:00:07]} 20. Qd2 {[%emt 0:00:57]} Nc4 {[%emt 0:00:01]} 21. Qf2 {[%emt 0:00:01]} Qd7 {[%emt 0:00:19]} 22. e5 {[%emt 0:01:09]} Nd5 {[%emt 0:01:54]} 23. Nf5 {[%emt 0:00:07]} Rc6 {[%emt 0:00:14]} 24. Qf3 {[%emt 0:00:39]} Rg6 {[%emt 0:02:07]} 25. Nd6 {[%emt 0:01:05]} Nxd6 {[%emt 0:01:47]} 26. Qxd5 {[%emt 0:00:31]} Rge6 {[%emt 0:00:01]} 27. Bb2 {[%emt 0:03:47]} R6e7 {[%emt 0:02:08]} 28. Rc1 {[%emt 0:01:59]} Nb5 {[%emt 0:00:24]} 29. Qe4 {[%emt 0:00:38]} Nc7 {[%emt 0:00:23]} 30. Rc3 {[%emt 0:00:02]} Nd5 {[%emt 0:00:42]} 31. Rh3 {[%emt 0:00:06]} g6 {[%emt 0:00:15]} 32. Qh4 {[%emt 0:00:17]} h5 33. Rg3 Qb5 {[%emt 0:00:27]} 34. Bc1 {[%emt 0:00:25]} Qe2 {[%emt 0:00:01]} 35. Rgf3 {[%emt 0:00:49]} Rc7 {[%emt 0:00:25]} 36. Bg5 {[%emt 0:00:22]} Re6 {[%emt 0:00:15]} 37. Bh6 {[%emt 0:00:16]} Re8 {[%emt 0:00:06]} 38. h3 {[%emt 0:00:17]} Kh7 {[%emt 0:00:17]} 39. Qg5 {[%emt 0:00:22]} Ree7 {[%emt 0:00:05]} 40. Bf8 {[%emt 0:00:10]} f6 {[%emt 0:00:10]} 41. Qh6+ {[%emt 0:00:06]} 1-0